Akciové trhy a investování

Gespeichert in:
Bibliographische Detailangaben
1. Verfasser: Jílek, Josef
Format: Buch
Sprache:Tschechisch
Veröffentlicht: Praha Grada Publishing 2009
Schriftenreihe:Finanční trhy a instituce
Schlagworte:
Tags: Tag hinzufügen
Keine Tags, Fügen Sie das erste Tag hinzu!

MARC

LEADER 00000nam a2200000 4500
001 0162221
005 20240313085607.5
020 |a 978-80-247-2963-3 
041 0 |a cze 
044 |a CZ 
245 1 0 |a Akciové trhy a investování  |c Josef Jílek 
264 1 |a Praha  |b Grada Publishing  |c 2009 
300 |a 656 s. 
490 1 |a Finanční trhy a instituce 
830 0 |a Finanční trhy a instituce 
610 2 0 |a trh akciový 
610 2 0 |a spoločnosti akciové 
610 2 0 |a Česko 
610 2 0 |a akcie 
610 2 0 |a opcie 
610 2 0 |a privatizácia 
610 2 0 |a bubliny finančné 
610 2 0 |a fúzie 
610 2 0 |a akvizícia 
610 2 0 |a dividendy 
610 2 0 |a portfólio 
610 2 0 |a investovanie 
610 2 0 |a sporenie stavebné 
610 2 0 |a fondy investičné 
610 2 0 |a fondy penzijné 
610 2 0 |a poistenie životné 
610 2 0 |a nehnuteľnosti 
610 2 0 |a ceny 
610 2 0 |a trh finančný 
610 2 0 |a podvody 
610 2 0 |a korupcia 
610 2 0 |a dane 
100 1 |a Jílek, Josef